Λεξικό της βιολογίας : (αγγλοελληνικό και ελληνοαγγλικό)
Αποθηκεύτηκε σε:
| Άλλοι συγγραφείς: | , |
|---|---|
| Μορφή: | Βιβλίο |
| Γλώσσα: | English Greek |
| Δημοσίευση: |
Θεσσαλονίκη :
Μαλλιάρης-Παιδεία,
1994
|
| Έκδοση: | 2η έκδ. |
| Θέματα: | |
| Ετικέτες: |
Προσθήκη ετικέτας
Δεν υπάρχουν, Καταχωρήστε ετικέτα πρώτοι!
|
MARC
| LEADER | 00000cam a2200000 i 4500 | ||
|---|---|---|---|
| 001 | 1/2373 | ||
| 008 | 960829s1994 gr | ||| |||| ||eng|| | ||
| 020 | |a 9602391510 | ||
| 035 | |l 10014813 | ||
| 035 | |a 1995 |b 1 |c Μαμαλίγκα |l 10033704 | ||
| 035 | |l 10077559 | ||
| 040 | |a GR-MY-UA |b gre |e aacr | ||
| 041 | 0 | |a eng |a gre | |
| 082 | 7 | |a 574.03 |2 (22) | |
| 245 | 0 | 0 | |a Λεξικό της βιολογίας : |b (αγγλοελληνικό και ελληνοαγγλικό) / |c μετάφραση, συγγραφή πρόσθετων λημμάτων: Ελευθέριος Νεοφύτου ... [κ.ά.] ; γενική επιμέλεια: Θανάσης Γεωργιάδης. |
| 250 | |a 2η έκδ. | ||
| 260 | |a Θεσσαλονίκη : |b Μαλλιάρης-Παιδεία, |c 1994 | ||
| 300 | |a 708 σ. ; |c 18 εκ. | ||
| 500 | |a Τίτλος πρωτοτύπου: Minidictionary of biology. | ||
| 500 | |a Το Παράρτημα Χίου διαθέτει την έκδοση του 2001. | ||
| 500 | |a Το παρόν λεξικό περέχει όλα τα λήμμτα του αντίστοιχου λεξικού του εκδοτικού οργανισμού Oxford University Press. | ||
| 504 | |a Περιλαμβάνει ευρετήριο λημμάτων. | ||
| 650 | 0 | 0 | |a Biology |x Dictionaries. |
| 650 | 0 | 0 | |a English language |x Dictionaries |x Greek, Modern. |
| 650 | 0 | 0 | |a English language |x Dictionaries |x Greek. |
| 700 | 1 | |a Νεοφύτου, Ελευθέριος Π. |e trl | |
| 700 | 1 | |a Γεωργιάδης, Θανάσης, |e edt | |
| 852 | |a INST |b CHIOS |e 20050609 |h 574.03 ΛΕΞ |p 005200021667 |q 005200021667 |t REF |y 23 | ||
| 852 | |a INST |b CHIOS |e 20050616 |h 574.03 ΛΕΞ |p 005200021742 |q 005200021742 |t REF |y 23 | ||
| 852 | |a INST |b CHIOS |e 20050407 |h 574.03 ΛΕΞ |p 005200022256 |q 005200022256 |t REF |y 23 | ||
| 852 | |a INST |b LESVOS |e 19950913 |h 574.03 ΛΕΞ |p 005100007327 |q 005100007327 |t REF |y 23 | ||
| 852 | |a INST |b LESVOS |e 20000508 |h 574.03 ΛΕΞ |p 005100020137 |q 005100020137 |t REF |y 23 | ||
| 852 | |a INST |b RHODES |e 19960829 |h 574.03 ΛΕΞ |p 005400007105 |q 005400007105 |t REF |y 23 | ||
| 901 | |a BIBL1-2000-1 | ||
| 901 | |a BIBL2-2005-1 | ||
| 901 | |a BIBL2-2005-2 | ||
| 920 | |a ΔΙΕΥΡΥΝΣΗ |b ΕΠΕΑΕΚ-ΤΜΟΔ |y Χίος-ΤΜΟΔ |z 2004-12 | ||
| 922 | |a 1ΕΛΗ |b 199912 |c ΤΑΚ/ΤΕΘ |d ΠΑΠΑΣΩΤΗΡΙΟΥ | ||
| 950 | |a 134-1999-11-18 | ||
| 970 | |a ΚΑΜΑΤΣΟΥ |b ΔΕΣΠΟΙΝΑ |z 2000/05/08 | ||
| 970 | |a ΧΟΡΟΖΙΔΟΥ |b ΤΖΕΝΗ |z 2000/02/14 | ||
| 970 | |a ΧΑΖΙΡΗ |b ΑΝΝΑ |z 2005/04/07 | ||